01025nam a22001337a 4500008000900000020001300009082001400022100002200036245006800058260013300126300003700259505051500296650008000811708 J61d a708 J61d a708bJ61d aJiménez, Cisco  aDesastrerama: bCrónica retro de una transición 1990 - 2015 aMéxico bGobierno Estatal de Morelos bSecretaría de Cultura de Morelos bDirección General de Museo y Exposiciones c2017 a 190 p.bil (col) c23,5 x 17 cm tPresentaciones tLínea del tiempo / Timeline tCrónica de un sueño interrumpido rJosé Springer tTras-mundos morelenses: animaciones y artificios en la obra de Cisco Jiménez rFrancesco Pellizzi tObras / Works tCisco Jiménez tLista de obras / List of works tForeword tChronicle of and Interrrupted Dream rJosé Springer tHybrid-Hidden Worlds in Morelos: Animation and Artifice in the Work of Cisco Jiménez rFrancesco Pelizzi tCréditos y agradecimientos / Credits and Acknowledgments  xarte contemporáneo xMéxico xarte - biografía xarte - exhibiciones